[Event "AUT-ch U12"]
[Site "Fuerstenfeld"]
[Date "2024.05.31"]
[Round "4"]
[White "Keller, Niklas"]
[Black "Zebedin, Andreas"]
[Result "1-0"]
[WhiteElo "1710"]
[BlackElo "1129"]
[PlyCount "41"]
[EventDate "2024.05.30"]
[EventType "swiss"]
[EventRounds "7"]
[EventCountry "AUT"]
[SourceTitle "CB23_2024"]
[SourceDate "2024.06.05"]
[SourceVersion "1"]
[SourceVersionDate "2024.06.05"]
[SourceQuality "1"]

1. d4 d5 2. c4 c6 3. Nf3 Nf6 4. Bg5 Bf5 5. e3 h6 6. Bh4 Nbd7 7. Nc3 Ne4 8. Bd3 Ndf6 9. Bxf6 exf6 10. Bxe4 Bxe4 11. Nxe4 dxe4 12. Nd2 f5 13. 0-0 Bd6 14. g3 b6 15. f3 Qc7 16. fxe4 Bxg3 17. e5 Bh4 18. Rxf5 Qe7 19. Ne4 0-0-0 20. Qg4 g6 21. Rxf7+ 1-0